[Event "13th World Teams Play-off"]
[Site "Jerusalem ISR"]
[Date "2022.11.23"]
[Round "1.1"]
[White "Bai, Jinshi"]
[Black "Bartel, Mat"]
[Result "1-0"]
[WhiteElo "2569"]
[BlackElo "2627"]
[PlyCount "95"]
[EventDate "2022.11.23"]
[WhiteTeam "China"]
[BlackTeam "Poland"]
[WhiteTeamCountry "CHN"]
[BlackTeamCountry "POL"]

1. Nf3 d5 2. g3 g6 3. Bg2 Bg7 4. d4 c6 5. O-O Nf6 6. c4 dxc4 7. a4 Ne4 8. Qc2 Nd6 9. Na3 ({RR} 9. e4 Na6 10. Bd2 O-O 11. Na3 Bg4 12. Ne5 Be6 13. Bc3 Qb6 14. Qe2 Rfd8 15. d5 cxd5 16. exd5 Bf5 17. Naxc4 Qc7 18. Rac1 Nc5 19. Ne3 Nxa4 20. Nxf5 Nxf5 21. Nxf7 Nxc3 22. Qe6 Kf8 23. Ng5 Ke8 {Adhiban,B (2689)-Ding,L (2813) Chess.com INT 2019 ½-½ (41)}) ({RR} 9. Nbd2 O-O 10. Nxc4 Bf5 11. Qc3 c5 12. Nxd6 exd6 13. Qb3 Be4 14. Bg5 Qb6 15. Qxb6 axb6 16. Be7 Re8 17. Bxd6 cxd4 18. Bc7 Nc6 19. Bxb6 Bc2 20. Ne1 Bxa4 21. Nd3 Ra6 22. Nc5 Rxb6 23. Rxa4 Rxb2 {Rasti,A (2237)-Martins,B (2362) Silves POR 2025 0-1 (40)}) 9... Na6 10. Nxc4 Nb4 11. Qb3 Be6 $146 ({RR} 11... a5 12. Nxd6+ Qxd6 13. Bf4 Qd5 14. Qc3 O-O 15. Rfd1 Bf5 16. Ne5 Qd8 17. e4 Be6 18. h4 f6 19. Nf3 Bg4 20. Rd2 Kh8 21. Nh2 Bd7 22. Rad1 f5 23. e5 Be6 24. h5 Bd5 25. h6 Bf6 26. exf6 {Zia,T (2170)-Hossain,E (2404) Dhaka 2021 0-1 (48)}) 12. Qxb4 Bxc4 13. Ne5 Be6 14. a5 a6 15. Rd1 O-O 16. Bf4 Bd5 17. e4 Nxe4 18. Qxb7 Rb8 19. Qxa6 Rxb2 20. Be3 Nc3 21. Bxd5 Bxe5 22. Qxc6 Nxd1 23. Rxd1 Bg7 24. a6 Rb6 25. Qc4 Rxa6 26. Bxf7+ Rxf7 27. Qxa6 Qd5 28. Qc8+ Rf8 29. Qc5 Qf3 30. Re1 Bf6 31. Bf4 h5 32. Qb6 h4 33. Qe6+ Kh7 34. d5 g5 35. d6 gxf4 36. dxe7 fxg3 37. exf8=N+ Kg7 38. Qd7+ Kg8 39. Qe6+ Kxf8 40. hxg3 hxg3 41. Qd6+ Kf7 42. Qxg3 Qd5 43. Qg4 Qd3 44. Qh5+ Kg7 45. Qg4+ Kf7 46. Qe6+ Kg7 47. Re3 Qd1+ 48. Kg2 1-0

[Event "MrDodgy Inv 3 GpA"]
[Site "chess24.com INT"]
[Date "2022.11.25"]
[Round "2.4"]
[White "Mamedov, Rau"]
[Black "Pichot, A."]
[Result "1-0"]
[WhiteElo "2646"]
[BlackElo "2637"]
[PlyCount "75"]
[EventDate "2022.11.25"]

1. Nf3 Nf6 2. g3 b6 3. Bg2 Bb7 4. d3 e6 5. e4 d5 6. e5 Nfd7 7. d4 c5 8. c3 Ba6 9. Bf1 Qc8 10. Bd3 $146 ({RR} 10. Be3 Be7 11. Na3 Bxf1 12. Kxf1 O-O 13. Nc2 Nc6 14. Ng5 h6 15. h4 hxg5 16. hxg5 g6 17. Kg2 Kg7 18. Rh6 Rh8 19. Qh1 Ndxe5 20. Qh4 Nc4 21. Rh1 Qg8 22. dxc5 bxc5 23. b4 Nd6 24. g4 f6 {Garcia Lechugo,F-Benaddi,M Caleta 2005 0-1}) 10... Bxd3 11. Qxd3 Qa6 12. Qxa6 Nxa6 13. Ke2 Be7 14. Be3 O-O 15. Nbd2 Rfc8 16. Rhc1 Rab8 17. Rab1 b5 18. a3 c4 19. h4 Nb6 20. h5 Na4 21. h6 g6 22. Nh2 Nc7 23. Ng4 a5 24. Nf3 b4 25. axb4 axb4 26. Bg5 Bxg5 27. Nxg5 Ne8 28. Ra1 Nxb2 29. Ra7 Nd3 30. Rca1 bxc3 31. Rxf7 Rc7 32. Ra7 Rb2+ 33. Ke3 Rxf2 34. Rfxc7 c2 35. Rg7+ Nxg7 36. Ra8+ Rf8 37. Nf6+ Kh8 38. Nf7# 1-0

[Event "MrDodgy Inv 3 GpA"]
[Site "chess24.com INT"]
[Date "2022.11.25"]
[Round "6.6"]
[White "Grischuk, A."]
[Black "Pichot, A."]
[Result "1-0"]
[WhiteElo "2745"]
[BlackElo "2637"]
[PlyCount "73"]
[EventDate "2022.11.25"]

1. Nf3 Nf6 2. g3 d5 3. Bg2 e6 4. O-O c5 5. d3 Nc6 6. e4 Be7 7. Bf4 O-O 8. a4 b6 9. e5 Nd7 10. h4 Bb7 11. Na3 a6 12. c3 Qc7 13. Re1 d4 $146 ({RR} 13... Rac8 14. Bh3 Rfe8 15. d4 cxd4 16. cxd4 Nb4 17. Re3 Nf8 18. Bg5 h6 19. Rc3 Qd7 20. Bxe7 Qxe7 21. Bf1 Rxc3 22. bxc3 Nc6 23. Nc2 Ng6 {½-½ (23) Zvjaginsev,V (2572)-Kezin,R (2486) Ufa RUS 2024}) 14. Nc4 dxc3 15. bxc3 h6 16. Rb1 Na5 17. Nxa5 bxa5 18. Rxb7 Qxb7 19. Nd4 Qb6 20. Nc6 Rae8 21. Qg4 Kh8 22. Qh5 Kg8 23. Bxh6 gxh6 24. Qxh6 f6 25. Qg6+ Kh8 26. Be4 f5 27. Qh6+ Kg8 28. Qg6+ Kh8 29. Qh6+ Kg8 30. Qxe6+ Kg7 31. Qxd7 fxe4 32. Nxe7 Qd8 33. Qg4+ Kf7 34. Nf5 Qxd3 35. Nd6+ Ke7 36. Nxe8 Qd2 37. Qe2 1-0

[Event "MrDodgy Inv 3 GpA"]
[Site "chess24.com INT"]
[Date "2022.11.25"]
[Round "10.4"]
[White "Grischuk, A."]
[Black "Salgado Lopez, I."]
[Result "1-0"]
[WhiteElo "2745"]
[BlackElo "2591"]
[PlyCount "115"]
[EventDate "2022.11.25"]

1. Nf3 b6 2. d4 Bb7 3. c4 e6 4. g3 Bb4+ 5. Bd2 Bxd2+ 6. Qxd2 Nf6 7. Bg2 O-O 8. O-O d6 9. Qd3 Be4 10. Qe3 Bb7 ({RR} 10... Nbd7 11. Nc3 Bb7 12. Qf4 Re8 13. e4 e5 14. Qe3 c6 15. Rad1 Qe7 16. Nh4 g6 17. Qg5 Nh5 18. Qxe7 Rxe7 19. Rd2 Nf8 20. Rfd1 Ne6 21. Nf3 f6 22. Bh3 Nhg7 23. d5 cxd5 24. exd5 Nc7 25. Ne1 {Vidit,S (2742)-Nakamura,H (2788) chess.com INT 2024 0-1 (71)}) 11. Nc3 c5 $146 ({RR} 11... Nbd7 12. Qd3 a6 13. Rfd1 Qe7 14. e4 Rfd8 15. Qe2 Rab8 16. e5 dxe5 17. Nxe5 Bxg2 18. Kxg2 Nxe5 19. dxe5 Nd7 20. Rd2 b5 21. Rad1 b4 22. Na4 Nf8 23. b3 Ng6 24. f4 a5 25. Qe3 h5 26. Rd3 {Guo,Q (2396)-Tan,Z (2517) Riadh 2017 1-0 (38)}) 12. Rfd1 Qe7 13. d5 e5 14. Nh4 g6 15. f4 Nbd7 16. f5 Ng4 17. Qf3 Ndf6 18. e4 Kh8 19. h3 Nh6 20. Qe3 Nfg8 21. Rf1 gxf5 22. exf5 f6 23. g4 Qg7 24. Ne4 Nf7 25. a4 a6 26. b4 a5 27. b5 Rae8 28. Rae1 Bc8 29. Nf3 h6 30. Ng3 Ng5 31. Nd2 Rf7 32. Nh5 Qf8 33. h4 Nh7 34. Ne4 Bd7 35. Kf2 Bc8 36. Bf3 Bd7 37. Ke2 Bc8 38. Kd2 Bd7 39. Rf2 Bc8 40. Rg1 Bd7 41. Be2 Bc8 42. Bd3 Bd7 43. Kc3 Bc8 44. Kb3 Bd7 45. g5 fxg5 46. hxg5 hxg5 47. Nxg5 Nxg5 48. Rxg5 e4 49. Nf4 Bxf5 50. Rxf5 Rxf5 51. Ng6+ Kg7 52. Nxf8 Rxf2 53. Qxf2 Rxf8 54. Qg3+ Kf7 55. Bxe4 Nf6 56. Bf5 Ke7 57. Be6 Re8 58. Qg7+ 1-0

[Event "MrDodgy Inv 3 GpB"]
[Site "chess24.com INT"]
[Date "2022.11.26"]
[Round "13.3"]
[White "Fressinet, L."]
[Black "Salem, AR."]
[Result "1-0"]
[WhiteElo "2622"]
[BlackElo "2677"]
[PlyCount "105"]
[EventDate "2022.11.26"]

1. Nf3 Nf6 2. g3 d5 3. Bg2 c5 4. O-O e6 5. d4 cxd4 6. b3 Be7 ({RR} 6... h6 7. Bb2 Nc6 8. Nxd4 Bc5 9. Nxc6 bxc6 10. c4 O-O 11. Nc3 a5 12. Na4 Ba7 13. Rc1 Ba6 14. Qc2 Rc8 15. Ba3 Re8 16. Rfd1 Ng4 17. Bc5 Bxc5 18. Nxc5 Qf6 19. e3 Ra8 20. Qe2 Ne5 21. Nxa6 {Harsha,B (2538)-Fedorov,A (2197) chess.com INT 2025 1-0}) 7. Bb2 O-O 8. Nbd2 Re8 $146 ({RR} 8... b6 9. Nxd4 Bb7 10. c4 Nc6 11. Rc1 Nxd4 12. Bxd4 Rc8 13. e3 Qd7 14. Qe2 dxc4 15. Nxc4 Bxg2 16. Kxg2 Qb7+ 17. Qf3 Nd5 18. Rfd1 Rfd8 19. e4 Nb4 20. a4 h6 21. h4 Bf8 22. Be5 Nc6 23. Bc3 {Meier,G (2650)-Dziuba,M (2584) Chess.com INT 2017 1-0 (73)}) 9. Bxd4 Nc6 10. Bb2 Bc5 11. c4 d4 12. Ne1 e5 13. Nd3 Bf8 14. Ne4 Bf5 15. Ndc5 Bxc5 16. Nxc5 Qe7 17. Nd3 e4 18. Nf4 Rad8 19. h4 h6 20. Qc1 Ng4 21. Nd5 Qe5 22. Qf4 Qxf4 23. gxf4 d3 24. exd3 exd3 25. Bf3 Rd6 26. h5 a5 27. a3 Rde6 28. Bc3 Re2 29. Bxe2 Rxe2 30. b4 axb4 31. axb4 Ne7 32. Nxe7+ Rxe7 33. Rfe1 Rd7 34. Rad1 f6 35. f3 Kf7 36. fxg4 Bxg4 37. Rd2 Bxh5 38. Re4 Bg6 39. Rd4 Re7 40. R4xd3 Bxd3 41. Rxd3 Re4 42. c5 Rc4 43. Bd2 g5 44. fxg5 hxg5 45. Rd7+ Kg6 46. Rxb7 g4 47. Rc7 Kf5 48. b5 Rc2 49. Be1 Rc1 50. Kf1 g3 51. b6 Kf4 52. Rf7 f5 53. b7 1-0

[Event "MrDodgy Inv 3 Finals"]
[Site "chess24.com INT"]
[Date "2022.11.28"]
[Round "1.8"]
[White "Keymer, Vincent"]
[Black "Sevian, Samuel"]
[Result "1-0"]
[WhiteElo "2698"]
[BlackElo "2687"]
[PlyCount "29"]
[EventDate "2022.11.27"]
[EventType "k.o."]

1. Nf3 d5 2. e3 c5 3. d4 Nf6 4. Be2 e6 5. O-O Nc6 6. c3 ({RR} 6. Nbd2 b6 7. b3 Bd6 8. Bb2 O-O 9. Ne5 Bb7 10. f4 Nd7 11. c4 f6 12. cxd5 exd5 13. Nxc6 Bxc6 14. Bd3 Qe7 15. Qf3 cxd4 16. exd4 Rae8 17. Rae1 Qxe1 18. Rxe1 Rxe1+ 19. Kf2 Rfe8 20. Nc4 Bb4 {Limp,E (2399)-Matsuura,E (2450) Sao Paulo 2002 0-1 (36)}) 6... Qc7 ({RR} 6... Bd6 7. dxc5 Bxc5 8. b4 Bd6 9. Bb2 O-O 10. a3 Qc7 11. Nbd2 Rd8 12. c4 dxc4 13. Bxc4 a6 14. Qe2 b5 15. Bd3 Bb7 16. Rac1 Rac8 17. h3 Qb8 18. Nd4 Ne5 19. Bb1 Ng6 20. N2f3 Bd5 21. Rfd1 {Omariev,M (2304)-Karmanova,O (2292) chess.com INT 2025 0-1 (48)}) 7. Nbd2 b6 8. b3 cxd4 $146 ({RR} 8... Bd6 9. Bb2 O-O 10. h3 Bb7 {½-½ (10) Djordjevic,N (2255)-Djakovac,E (2165) Bajina Basta 2020}) 9. cxd4 Bb7 10. Bb2 Bd6 11. Rc1 Rc8 12. Ne5 O-O 13. Bb5 Bxe5 14. dxe5 Qd7 15. exf6 1-0

[Event "US Chess Masters 2022"]
[Site "Charlotte USA"]
[Date "2022.11.27"]
[Round "9.5"]
[White "Cordova, E."]
[Black "Balakrishnan, Praveen"]
[Result "1-0"]
[WhiteElo "2561"]
[BlackElo "2510"]
[PlyCount "147"]
[EventDate "2022.11.23"]

1. Nf3 d5 2. e3 Nf6 3. c4 e6 4. Nc3 b6 5. b3 Bb7 6. Bb2 Nbd7 7. d4 Bd6 8. Qc2 O-O 9. cxd5 exd5 10. Bd3 a6 11. O-O Re8 12. Rac1 $146 ({RR} 12. Ne2 Ne4 13. Rac1 Rc8 14. Ng3 Bf8 15. Qe2 a5 16. Rc2 Nxg3 17. hxg3 Bd6 18. Rfc1 c6 19. Ba6 Bxa6 20. Qxa6 Nb8 21. Qd3 Rc7 {½-½ (21) Johnson,D (2198)-Crevatin,L (2292) Norrkoping SWE 2023}) 12... c5 13. Rfd1 Qc7 14. Ne2 Rac8 15. Ng3 Qb8 16. Qe2 Qa8 17. Bf5 Rcd8 18. Ba1 Bf8 19. Qb2 Qb8 20. Bh3 Ne4 21. dxc5 Ndxc5 22. Nf5 f6 23. N5d4 Rd6 24. Qc2 g6 25. b4 Nd7 26. Qc7 f5 27. Qxb8 Nxb8 28. g4 fxg4 29. Bxg4 Nc6 30. a3 h5 31. Bh3 Bg7 32. Nxc6 Bxa1 33. Rxa1 Bxc6 34. Nd4 Bd7 35. Bg2 Nc3 36. Rd3 Rc8 37. Rc1 Ne4 38. Rxc8+ Bxc8 39. f3 Nf6 40. Rc3 Bf5 41. h4 Kf7 42. Kf2 a5 43. Bf1 axb4 44. axb4 Rd8 45. Rc6 Rb8 46. Bb5 Rb7 47. Ba6 Rb8 48. Nxf5 gxf5 49. Bc8 f4 50. exf4 Ra8 51. Be6+ Ke7 52. Rxb6 d4 53. f5 Ra1 54. Rc6 Rb1 55. Rc4 Rb2+ 56. Ke1 d3 57. Rd4 d2+ 58. Kd1 Ke8 59. Bc4 Ke7 60. b5 Ne8 61. Rxd2 Rb4 62. Re2+ Kf8 63. Bd3 Nd6 64. Re5 Rxh4 65. Be4 Rh2 66. Kc1 Nc4 67. Rc5 Nb6 68. Rc6 Nd7 69. b6 Ke7 70. f6+ Nxf6 71. Rxf6 Kxf6 72. b7 Rh1+ 73. Kc2 Rh2+ 74. Kc3 1-0

[Event "Titled Tue 22nd Nov Early"]
[Site "chess.com INT"]
[Date "2022.11.22"]
[Round "6"]
[White "Grandelius, N."]
[Black "Keymer, Vincent"]
[Result "1-0"]
[WhiteElo "2657"]
[BlackElo "2698"]
[PlyCount "55"]
[EventDate "2022.11.22"]

1. Nf3 d5 2. g3 Bg4 3. Bg2 c6 4. h3 Bh5 5. O-O Nd7 6. d4 Ngf6 7. c4 e6 8. cxd5 exd5 9. Ne5 Ne4 10. Bxe4 ({RR} 10. Nd2 f5 11. Nxe4 fxe4 12. Bf4 Be7 13. f3 exf3 14. exf3 O-O 15. Qd2 Nxe5 16. Bxe5 Qb6 17. f4 Bf6 18. Rae1 Rae8 19. Kh2 Bg6 20. g4 Be4 21. Bxe4 dxe4 22. Rxe4 Qb5 23. Rfe1 Qd5 24. b3 Bxe5 {Grischuk,A (2745)-Keymer,V (2700) Astana KAZ 2023 1-0 (63)}) 10... dxe4 11. Nc3 Be7 $146 ({RR} 11... Nxe5 12. dxe5 Bg6 13. Be3 Qc8 14. Kh2 Be7 15. Qd4 O-O 16. Nxe4 Rd8 17. Nd6 Qe6 18. Rfd1 f6 19. Qc3 Bxd6 20. exd6 Be4 21. Bc5 b6 22. Ba3 c5 23. b4 cxb4 24. Qxb4 Bf5 25. Qd2 Bxh3 26. f3 {Donchenko,A (2640)-Prilleltensky,M (2191) Pardubice 2022 1-0 (31)}) ({RR} 11... Nxe5 12. dxe5 Qxd1 13. Rxd1 Bb4 14. Nxe4 Bxe2 15. Rd4 Be7 16. Bg5 Bf3 17. Bxe7 Kxe7 18. Nd6 Bd5 19. b3 b6 20. Re1 Be6 21. f4 Rhd8 22. f5 Bd5 23. Kf2 f6 24. Nc4 Bxc4 25. Rxc4 Rd2+ 26. Kf3 {Svane,R (2628)-Rastbod,A (2291) chess.com INT 2024 1-0 (39)}) 12. Bf4 f6 13. Nc4 Bf7 14. d5 Nc5 15. d6 Bxc4 16. dxe7 Qxd1 17. Rfxd1 b6 18. Rd4 Be6 19. b4 Nb7 20. Rxe4 Kxe7 21. b5 Rac8 22. bxc6 Rxc6 23. Nb5 Nc5 24. Re3 a6 25. Nd4 Rcc8 26. Nf5+ Kd7 27. Rd1+ Kc6 28. Nd4+ 1-0

[Event "Titled Tue 22nd Nov Early"]
[Site "chess.com INT"]
[Date "2022.11.22"]
[Round "6"]
[White "Svane, R."]
[Black "Tang, Andrew"]
[Result "1-0"]
[WhiteElo "2619"]
[BlackElo "2539"]
[PlyCount "123"]
[EventDate "2022.11.22"]

1. Nf3 d5 2. g3 Bg4 3. Bg2 Nd7 4. h3 Bh5 5. d4 e6 6. c4 c6 7. cxd5 exd5 8. Nc3 Bd6 9. Nh4 $146 ({RR} 9. e4 dxe4 10. Nxe4 Bb4+ 11. Bd2 Bxd2+ 12. Qxd2 Ndf6 13. Nc5 Bxf3 14. Bxf3 Rb8 15. Nxb7 Rxb7 16. Bxc6+ Rd7 17. Qg5 h6 18. Qe5+ Ne7 19. Bxd7+ Nxd7 20. Qxg7 Qa5+ {½-½ (20) Bai,J (2569)-Wang Yue (2640) Ji'an CHN 2025}) 9... Ne7 10. g4 Bg6 11. f4 h5 12. e3 f5 13. g5 Bf7 14. Bd2 g6 15. Nf3 Nc8 16. O-O Be7 17. Ne2 Nd6 18. Bb4 Nb6 19. b3 Nbc8 20. Nc1 a5 21. Bc5 O-O 22. Nd3 Re8 23. Nde5 Bf8 24. Qc2 Bg7 25. Rae1 Ne4 26. Ba3 Qc7 27. Bb2 Kh7 28. a4 Ncd6 29. Nh4 Qd8 30. Qd1 Re6 31. Bf3 Be8 32. Kh2 Qb6 33. Re2 Rc8 34. Rg2 Rc7 35. Ba3 Nc3 36. Qc2 Nce4 37. Bc5 Qa6 38. Rfg1 b6 39. Bxd6 Rxd6 40. Bxh5 gxh5 41. Nxf5 Re6 42. Nxg7 Kxg7 43. f5 Rd6 44. f6+ Kg8 45. Qd1 Qc8 46. f7+ Bxf7 47. g6 Be8 48. Qxh5 Rf6 49. Ng4 Qe6 50. Qh4 Rg7 51. Nh6+ Kf8 52. Ng4 Rfxg6 53. Rf1+ Bf7 54. Qd8+ Qe8 55. Qxb6 Kg8 56. Rfg1 Kh7 57. Qc7 Be6 58. Qe5 Qd7 59. Qh5+ Kg8 60. Nh6+ Rxh6 61. Rxg7+ Qxg7 62. Qxh6 1-0

[Event "Titled Tue 22nd Nov Early"]
[Site "chess.com INT"]
[Date "2022.11.22"]
[Round "7"]
[White "Nakamura, Hi"]
[Black "Grandelius, N."]
[Result "1-0"]
[WhiteElo "2768"]
[BlackElo "2657"]
[PlyCount "93"]
[EventDate "2022.11.22"]

1. Nf3 d5 2. e3 c5 3. b3 g6 4. Bb2 Nf6 5. Bxf6 exf6 6. c3 ({RR} 6. d4 Nc6 7. Be2 Bd6 8. O-O O-O 9. dxc5 Bxc5 10. c3 h5 11. a4 a6 12. Na3 Bg4 13. Nc2 Re8 14. Qd2 Qe7 15. b4 Bd6 16. Qxd5 Rad8 17. Qb3 h4 18. h3 Be6 19. Qb2 f5 20. Rfd1 g5 {Narayanan,S (2535)-Robson,R (2696) chess.com INT 2024 0-1 (32)}) 6... Bd6 ({RR} 6... Nc6 7. d4 b6 8. Bb5 Bb7 9. O-O a6 10. Bd3 Bd6 11. Re1 O-O 12. g3 Qc7 13. Bf1 Rad8 14. a3 h5 15. Bg2 Ne7 16. Nbd2 Nf5 17. b4 Kg7 18. Rc1 Rfe8 19. bxc5 bxc5 20. c4 dxc4 21. Nxc4 {Nakamura,H (2786)-Caruana,F (2802) Chess.com INT 2017 ½-½ (73)}) ({RR} 6... Nc6 7. d4 Be6 8. g3 Bd6 9. dxc5 Bxc5 10. Bg2 O-O 11. O-O a5 12. a3 f5 13. Nbd2 Qf6 14. Nd4 Rfd8 15. N2f3 Bf8 16. Qd2 h5 17. h4 Ne5 18. Ng5 Bh6 19. Ne2 Rac8 20. a4 Nd7 21. Nf3 {Nakamura,H (2788)-Szpar,M (2485) chess.com INT 2023 1-0 (41)}) 7. d4 O-O 8. Be2 $146 ({RR} 8. g3 cxd4 9. Nxd4 Nc6 10. Bg2 Bc5 11. Ne2 Be6 12. Nd2 Qe7 13. O-O Rad8 14. Nf3 Bf5 15. Nfd4 Bg4 16. Qd2 Rfe8 17. Nf4 Be6 18. Rad1 a6 19. Ndxe6 fxe6 20. Nxe6 Qxe6 21. Bxd5 Kf8 22. Bxe6 Rxd2 {Nakamura,H (2766)-Yuan,Q (2373) Chess.com INT 2022 1-0 (73)}) 8... Nc6 9. O-O Re8 10. a3 Bf5 11. Nbd2 cxd4 12. cxd4 Qe7 13. b4 a5 14. b5 Na7 15. Qb3 Be6 16. Ne1 Nc8 17. b6 a4 18. Qb2 Qd8 19. Rb1 Qe7 20. Ra1 Qd8 21. Nd3 Nxb6 22. Nc5 Bxc5 23. dxc5 Nd7 24. Bb5 Re7 25. Bxd7 Rxd7 26. Nf3 Rc7 27. Rfc1 Qc8 28. Qb4 Bd7 29. h3 Kg7 30. Nd4 Bc6 31. Rab1 h5 32. Qc3 Bd7 33. Rb6 Bc6 34. Ne2 Qd8 35. Qd4 Qe7 36. Qb4 Qe5 37. Nd4 Rac8 38. Rb1 Bd7 39. Rxb7 Rxb7 40. Qxb7 Bf5 41. c6 Rc7 42. Nxf5+ Qxf5 43. Qxc7 Qxb1+ 44. Kh2 Qe4 45. Qf4 Qc4 46. Qxc4 dxc4 47. c7 1-0

[Event "Titled Tue 22nd Nov Early"]
[Site "chess.com INT"]
[Date "2022.11.22"]
[Round "9"]
[White "Jones, G."]
[Black "Kravtsiv, M."]
[Result "1-0"]
[WhiteElo "2623"]
[BlackElo "2598"]
[PlyCount "63"]
[EventDate "2022.11.22"]

1. Nf3 d5 2. g3 g6 3. Bg2 Bg7 4. O-O c5 5. c4 d4 6. b4 ({RR} 6. e3 Nc6 7. exd4 cxd4 8. d3 Nf6 9. Re1 O-O 10. a3 a5 11. Nbd2 Bf5 12. Qc2 Re8 13. Ne5 Nxe5 14. Rxe5 Nd7 15. Rb5 b6 16. Ne4 Qc7 17. Bd2 h6 18. b4 axb4 19. Bxb4 Rac8 20. a4 Ne5 {Giri,A (2779)-Caruana,F (2819) Paris 2019 ½-½ (51)}) 6... cxb4 $146 ({RR} 6... d3 7. Qa4+ Bd7 8. b5 Bxa1 9. exd3 Bg7 10. Ba3 Nh6 11. Bxc5 O-O 12. Nc3 Nf5 13. Re1 Be6 14. g4 Nd4 15. Nd5 Bxd5 16. cxd5 Nxf3+ 17. Bxf3 Re8 18. Qe4 Nd7 19. Bxe7 Qa5 20. d6 Qxd2 21. Re2 {Carlsen,M (2832)-Paravyan,D (2600) chess.com INT 2024 0-1}) ({RR} 6... e5 7. d3 Ne7 8. bxc5 Nbc6 9. Nbd2 O-O 10. a4 f5 11. Rb1 h6 12. Ne1 Be6 13. Rxb7 Rb8 14. Rxb8 Qxb8 15. Ba3 Qc7 16. Nc2 Qa5 17. Na1 Rb8 18. Qc2 Nb4 19. Bxb4 Rxb4 20. Nab3 Qxa4 21. Ra1 {Timerkhanov,A (2287)-Shukhman,A (2365) chess.com INT 2025 1-0 (37)}) 7. a3 b3 8. Qxb3 Nc6 9. d3 Nf6 10. a4 O-O 11. Na3 Nd7 12. Nc2 Nc5 13. Qa3 Qd6 14. Nb4 Bd7 15. Bf4 e5 16. Bd2 Rac8 17. Nd5 e4 18. Bf4 Ne5 19. Nxd4 exd3 20. exd3 g5 21. Bxg5 Nexd3 22. Be7 Qe5 23. Nf3 Qe2 24. Ra2 Bb2 25. Bxc5 Bxa3 26. Rxe2 Nxc5 27. Ra1 Nxa4 28. Nf6+ Kg7 29. Nxd7 Rfd8 30. Rxa3 Rxd7 31. Rxa4 Rd1+ 32. Re1 1-0

[Event "Titled Tue 22nd Nov Early"]
[Site "chess.com INT"]
[Date "2022.11.22"]
[Round "11"]
[White "Deac, Bogdan-Daniel"]
[Black "Seo, Jung Min"]
[Result "1-0"]
[WhiteElo "2700"]
[BlackElo "2507"]
[PlyCount "65"]
[EventDate "2022.11.22"]

1. Nf3 d5 2. e3 Nf6 3. c4 e6 4. Nc3 Be7 5. b3 O-O 6. Bb2 c5 7. cxd5 exd5 8. d4 Nc6 9. Be2 Bg4 10. dxc5 Bxc5 11. O-O a6 12. Rc1 Ba7 13. Na4 ({RR} 13. h3 Bh5 14. Nd4 Bxe2 15. Ncxe2 Rc8 16. a3 Ne4 17. Nf5 Nf6 18. Nf4 Re8 19. Nxg7 d4 20. Nxe8 Qxe8 21. exd4 Qe4 22. d5 Qxf4 23. dxc6 Rxc6 24. Rxc6 bxc6 25. Qd8+ Kg7 26. b4 Kg6 27. Qxf6+ {1-0 (27) Do Carmo,G (2008)-Essing,A (2215) chess.com INT 2025}) 13... Ne4 ({RR} 13... Qe7 14. h3 Bh5 15. Bxf6 Qxf6 16. Qxd5 Bg6 17. Qg5 Qd6 18. Nc5 h6 19. Nxb7 Qb4 20. Qd5 Be4 21. Qc4 Qe7 22. Nd6 Bxf3 23. Nf5 Qa3 24. Bxf3 Ne5 25. Qf4 Nxf3+ 26. Qxf3 Qxa2 27. Qg3 g6 28. Nxh6+ {Caruana,F (2766)-Predke,A (2684) Almaty KAZ 2022 1-0 (31)}) 14. Nd4 Bxd4 $146 ({RR} 14... Bxe2 15. Nxe2 Qd6 16. Nd4 Rfd8 17. Nxc6 bxc6 18. Qg4 f6 19. Rfd1 Re8 20. Bd4 c5 21. Bb2 Rad8 22. Ba3 f5 23. Qe2 Rc8 24. Qd3 Red8 25. f3 Bb8 26. g3 Nxg3 27. Rc2 Ba7 28. hxg3 Qxg3+ 29. Rg2 {Micheli,C (2212)-Scheiblmaier,R (2177) Austria 2020 ½-½ (37)}) 15. Bxg4 Bxb2 16. Nxb2 Nf6 17. Bf3 Qa5 18. Nd3 Rad8 19. Qc2 h6 20. Nc5 Qb6 21. Nxb7 Nb4 22. Qc7 Qxc7 23. Rxc7 Rb8 24. a3 Nd3 25. Rc3 Nxf2 26. Nc5 N2e4 27. Nxe4 dxe4 28. Be2 Nd5 29. Rc5 Nxe3 30. Rb1 f5 31. Bxa6 f4 32. Re5 Rb7 33. Bxb7 1-0

[Event "Titled Tue 22nd Nov Late"]
[Site "chess.com INT"]
[Date "2022.11.22"]
[Round "4"]
[White "Terry, R."]
[Black "Boruchovsky, A."]
[Result "1-0"]
[WhiteElo "2516"]
[BlackElo "2552"]
[PlyCount "91"]
[EventDate "2022.11.22"]

1. Nf3 d5 2. e3 g6 3. c4 Bg7 ({RR} 3... c6 4. cxd5 cxd5 5. Qa4+ Nc6 6. Ne5 Bd7 7. Nxd7 Qxd7 8. d4 e6 9. Nd2 Bd6 10. Nf3 Nf6 11. Be2 O-O 12. O-O Ne4 13. Nd2 Nf6 14. a3 a6 15. Bd3 Qe7 16. f4 Rfc8 17. Qd1 Rc7 18. b3 {Nakamura,H (2785)-Topalov,V (2749) Paris 2017 1-0 (38)}) ({RR} 3... dxc4 4. Bxc4 Bg7 5. O-O e5 6. d4 exd4 7. exd4 Ne7 8. Re1 h6 9. Nc3 O-O 10. h3 Nd7 11. Bf4 Nb6 12. Bb3 c6 13. Be5 Nbd5 14. Bxg7 Kxg7 15. Ne4 Bf5 16. Ng3 Be6 17. Qe2 Qc7 18. Bc2 {Alfaya Marcelo,R (2249)-Hovakimyan,V (2289) chess.com INT 2025 0-1 (60)}) 4. cxd5 Nf6 5. Qa4+ $146 ({RR} 5. e4 O-O 6. Nc3 c6 7. d3 cxd5 8. e5 Ne8 9. d4 Nc6 10. Be2 f6 11. O-O e6 12. exf6 Nxf6 13. Ne5 Qb6 14. Nxc6 bxc6 15. b3 Nd7 16. Be3 Ba6 17. Bxa6 Qxa6 18. Na4 c5 19. Rc1 cxd4 {Busch,G (1297)-Achtmann,A (1963) Wiesbaden 2013 0-1 (38)}) 5... Nbd7 6. Nc3 O-O 7. Qh4 Nb6 8. e4 e6 9. dxe6 Bxe6 10. Be2 c5 11. d3 Ng4 12. Qxd8 Raxd8 13. O-O c4 14. d4 Bxd4 15. Nxd4 Rxd4 16. f4 Nf6 17. Be3 Rd7 18. h3 Re8 19. Rad1 Rxd1 20. Rxd1 Nfd7 21. Bf3 f6 22. Nb5 Rc8 23. a3 Kf8 24. Nxa7 Ra8 25. Nb5 Ra5 26. Nc7 Bf7 27. Bg4 Ke7 28. Bd2 Ra4 29. Bb4+ Kd8 30. Nb5 Be8 31. Nd6 Ra8 32. Nxb7+ Kc7 33. Nd6 g5 34. g3 h5 35. Bf3 h4 36. e5 Rd8 37. Nb5+ Kc8 38. e6 Nb8 39. Nd6+ Kc7 40. Nxe8+ Rxe8 41. f5 hxg3 42. Bd6+ Kc8 43. Bxg3 Na6 44. Rd6 Na4 45. Rxa6 Nxb2 46. Ra8# 1-0

[Event "Titled Tue 22nd Nov Late"]
[Site "chess.com INT"]
[Date "2022.11.22"]
[Round "6"]
[White "Terry, R."]
[Black "Bluebaum, M."]
[Result "1-0"]
[WhiteElo "2516"]
[BlackElo "2651"]
[PlyCount "91"]
[EventDate "2022.11.22"]

1. Nf3 d5 2. e3 Nf6 3. b3 c5 4. Bb2 g6 5. Bb5+ Nbd7 6. Bxf6 exf6 7. O-O a6 8. Be2 Bg7 9. d4 $146 ({RR} 9. Nc3 Nb6 10. d4 Qc7 11. Qd2 Be6 12. dxc5 Qxc5 13. Bd3 f5 14. Nd4 f4 15. Nce2 fxe3 16. Qxe3 O-O 17. c3 Bg4 18. Qd2 Rac8 19. Rac1 Rc7 20. Qf4 Bxe2 21. Nxe2 Rfc8 22. Rc2 Qe7 23. Rfc1 Be5 {Medvegy,Z (2529)-Varga,Z (2386) Hungary 2022 ½-½ (36)}) 9... O-O 10. c3 f5 11. Qd2 b6 12. Rd1 Bb7 13. Na3 Qe7 14. Nc2 Rfd8 15. Qe1 Nf6 16. Rac1 Ne4 17. Bd3 a5 18. a4 Rac8 19. c4 dxc4 20. Bxc4 cxd4 21. Ncxd4 Bf6 22. Qe2 Kg7 23. h3 Rc5 24. Rd3 Nd6 25. Rcd1 Nxc4 26. bxc4 Rcc8 27. Rb3 Qc5 28. Rc1 Ba6 29. Qb2 Rd6 30. Qb1 f4 31. Nb5 Re6 32. exf4 Re2 33. Rf1 Bb7 34. Qd3 Re6 35. Ng5 Re7 36. Nd6 Rd7 37. Nxb7 Rxb7 38. Qd5 Rcc7 39. Qxc5 Rxc5 40. Ne4 Rxc4 41. Nd6 Rbc7 42. Ne8+ Kf8 43. Nxf6 Rxa4 44. Rxb6 Rc5 45. Nd7+ Kg7 46. Nxc5 1-0